[Event "FIDE-Wch k.o."]
[Site "Las Vegas"]
[Date "1999.08.01"]
[Round "1.2"]
[White "Sadvakasov, Darmen"]
[Black "Peng, Xiaomin"]
[Result "1/2-1/2"]
[WhiteElo "2468"]
[BlackElo "2574"]
[Annotator "Mikhalevski,V"]
[PlyCount "116"]
[EventDate "1999.07.31"]
[EventType "k.o."]
[EventRounds "7"]
[EventCountry "USA"]
[SourceTitle "CBM 072"]
[Source "ChessBase"]
[SourceDate "1999.10.01"]
[SourceVersion "1"]
[SourceVersionDate "1999.10.01"]
[SourceQuality "1"]

1. e4 e5 2. Nf3 Nc6 3. d4 exd4 4. Nxd4 Nf6 5. Nxc6 bxc6 6. e5 Qe7 7. Qe2 Nd5 8.
c4 Nb6 9. Nc3 Qe6 10. Qe4 g6 {After the game Kasparov,G-Adams,M/Sarajevo 1999
Black doesn't want to repeat 10...Bb4.} (10... Bb4 11. Bd2 Ba6 (11... a5 12. f4
d5 13. exd6 cxd6 14. O-O-O Qxe4 15. Nxe4 d5 16. cxd5 cxd5 17. Bxb4 axb4 18.
Nd6+ Ke7 19. Nxc8+ Rhxc8+ 20. Kb1 Ra5 21. Rd4 b3 22. a3 Ra4 23. Rd3 Re4 24.
Rxb3 Re1+ 25. Ka2 {Polgar,J-Piket,J/Aruba 1995/CBM 50/[Blatny,P]/1-0 (47)}) 12.
b3 Bxc3 13. Bxc3 d5 14. Qh4 $1 $146 (14. Qf3 dxc4 15. Be2 Bb7 16. bxc4 Nxc4 17.
Qg3 c5 18. O-O h5 19. Rad1 Rh6 20. Bd3 Kf8 21. f4 Nb6 22. f5 Qxa2 23. Rd2 h4
24. Qg5 Qd5 25. f6 Rxf6 26. Rxf6 gxf6 27. Qh6+ Kg8 {1-0 Kummerow,H-Michalczak,
T/Germany 1998/GER-chT (27)}) 14... dxc4 15. Be2 Nd5 16. Bd4 c5 17. Bxc5 Nc3
18. Bxc4 Qxe5+ 19. Be3 Ne4 20. O-O Bxc4 21. bxc4 O-O 22. Rfe1 Rfe8 23. f3 Nd6
24. Bf2 Qf5 25. c5 Nb5 26. Qb4 Qd3 27. Red1 a5 28. Qa4 Qe2 29. Re1 Qd3 30.
Rxe8+ Rxe8 31. Rd1 {1-0 Kasparov,G-Adams,M/Sarajevo BIH 1999 (31)/CBM71 
[Mikhalevski,V]}) 11. f4 $146 {Strange enough,but this move haven't been
played yet.} (11. Bd3 Bg7 12. f4 (12. Bf4 Ba6 13. O-O-O Bxc4 14. Bxc4 Qxc4 15.
Qxc4 Nxc4 16. b3 Nb6 17. Kc2 O-O-O 18. a4 a5 19. Rhe1 Rde8 20. Rb1 d5 21. Ne2
c5 22. Bd2 Rxe5 23. Bxa5 Rhe8 24. Nf4 Rxe1 25. Rxe1 Rxe1 26. Bxe1 Be5 27. Nd3
Bd6 28. a5 Nd7 29. h3 Kb7 {0-1 Turov,M-Grabarczyk,M/Cappelle la Grande 1998/
CBM 63 ext (29)}) 12... Ba6 13. c5 Bxd3 14. Qxd3 Nd5 15. O-O Nxc3 16. Qxc3 f6
17. Be3 O-O 18. exf6 Qxf6 19. Rfd1 Qxc3 20. bxc3 Rad8 21. Rd3 d5 22. cxd6 Rxd6
23. Rad1 Rfd8 24. Rxd6 cxd6 25. Bxa7 Bxc3 {Shadrina,T-Varavin,V/Pardubice 1997/
CBM 59 ext/0-1 (44)}) 11... Bg7 (11... d5 $1 {was the simlest way to solve
opening problems.} 12. cxd5 ({or} 12. exd6 cxd6 13. Be2 {and Black can chose
between quiet} Qxe4 ({and more agressive} 13... Bg7 $5 {[%cal Gg7c3]} 14. Qxc6+
Bd7 15. Qf3 Rc8 $1 16. O-O O-O $1) 14. Nxe4 Bf5 $1) 12... cxd5 $11) 12. c5 (12.
Bd3 {see 11.Bd3}) 12... d5 $5 {[%mdl 576] Very unxpected decision.Black
sacrifices two pawns for not very clear initiative in an arised endgame.} ({
After} 12... Nd5 13. Bc4 Nxc3 (13... Bb7 14. O-O {[%cal Gf1d1]} Qe7 {[%cal
Ge7c5]} 15. Qd4 $1 Nxc3 (15... f6 $2 16. Bxd5 $1 cxd5 (16... fxe5 $2 17. Qb4 $1
) 17. Nxd5 fxe5 (17... Bxd5 18. Qxd5 c6 19. Qd6 $1 $16) 18. Nxc7+ Kd8 19. Qd6
$1 Rc8 20. Bd2 $1 {[%cal Gd2a5]}) 16. bxc3 $14 {[%csl Rb7,Rd7][%cal Ga1b1]})
14. bxc3 {White is slightly better}) 13. cxd6 ({Certainly not} 13. exd6 $4
Bxc3+) 13... cxd6 14. Qxc6+ Bd7 15. Qxd6 Qxd6 16. exd6 O-O {Despite two extra
pawns White must play very accurate to prove his advantage.} 17. Be3 (17. Ba6
Bd4 $1 {[%csl Re1]}) (17. Kf2 $5) 17... Na4 $5 {Again interesting decision.} ({
In case of} 17... Rab8 {White manages to keep one of his extra pawns with the
aid of series of precise moves.} 18. Rd1 $1 (18. Rc1 Bxc3+ $3 19. bxc3 (19.
Rxc3 Nd5 (19... Rfe8 20. Rb3 $1) 20. Rd3 Nxe3 21. Rxe3 Rxb2 $44 {[%csl Ra2,Rd6]
}) 19... Nd5 20. Kf2 (20. Bxa7 Rb2 $1 $44 (20... Ra8 $2 21. Bc4 $1 Nxf4 22. O-O
$1 $18)) 20... Rb2+ (20... Rfe8 21. Bxa7 Rb2+ 22. Kf3 {and Black's
compensation is not sufficient}) 21. Kf3 Bc6 $1 (21... Nxe3 $5 22. Kxe3 Re8+
23. Kd4 Rd2+ 24. Bd3 Re6) 22. a3 (22. Bd4 Nf6+ 23. Kg3 Ne4+ 24. Kh4 Nxd6 $44 {
[%cal Gd6f5]}) 22... Ne7+ 23. Kg4 h5+ 24. Kh3 Bd7+) 18... Nc8 19. Bc1 $1 (19.
Be2 Rxb2 20. Bd4 Re8 $1 $44) 19... Rb6 20. Be2 $1 Re8 21. Kf2 $16) 18. Nxa4 {
Probably this natural move is an inaccuracy,though after it White is still
better.} (18. Nd5 $5 {following up with Ba6 and 0-0 seems to be more clear way
to an advantage.} Rab8 (18... Nxb2 19. Rc1 Be6 20. Nc7 Rad8 21. Nxe6 fxe6 22.
Rc6 $16) 19. Ba6 $1 Rxb2 20. O-O $1 $16) (18. Rc1) 18... Bxa4 19. Rc1 $5 (19.
Rb1 $5 {was also possible keeping the b2-pawn for a while} Rac8 (19... Bc2 20.
Rc1 Rac8 21. d7 Rc6 22. Bb5 Re6 23. Kf2 $18) 20. Kf2 $1 Rc2+ (20... Bc2 21. Rc1
$1 Bxb2 22. Ba6 $1 $16 {[%csl Gd6]} Bxc1 23. Rxc1 Rc3 $8 24. d7 $1 Rd8 25. Bb5
$1 $18) 21. Be2 $1 (21. Kg3 Bxb2 22. Bd3 Rc3 23. Rxb2 Rxd3 24. Kf2 Rc8 $1 25.
Bxa7 Rxd6 $14) 21... Bb5 22. Rhe1 Bxb2 (22... Rd8 23. Rbc1 $1 Rxb2 24. Rb1 $1
Bxe2 (24... Rxb1 25. Rxb1 Bxe2 26. Kxe2 $16 Rxd6 $140 $2 27. Rb8+ Bf8 28. Bc5
$18) 25. Rxb2 Bxb2 26. Rxe2 Ba3 27. Bxa7 $16) 23. Kf1 Bc6 24. Bxa7 $16) 19...
Bxb2 20. Rc4 $1 Bd7 21. Rc7 Be6 $1 {[%mdl 256] So far Black puts as many
problems as possible and White makes a mistake first.} (21... Rfd8 22. Ba6 $1)
22. Bc5 $6 (22. a4 $6 Rfd8 23. Bb5 (23. Bc5 Bc3+ 24. Ke2 Ba5 25. Re7 Rac8 26.
Bxa7 Rxd6 $44 {[%csl Re2]}) 23... Rxd6 24. Bxa7 Bb3 $1 {[%cal Gb3a4,Gd6d1]} (
24... Rxa7 25. Rxa7 Bc3+ 26. Ke2 Bg4+ 27. Kf2 Bd4+ 28. Kg3 Bxa7 29. Kxg4 $16 {
[%csl Ga4]}) 25. Ke2 Bxa4 $1 26. Bxa4 Ra6 27. Bb3 R6xa7 28. Bxf7+ Kg7 29. Rxa7
Rxa7 30. Bd5 Ra1 $11) (22. Kd2 Ba3 $1 23. Bc5 Bxc5 24. Rxc5 Rfd8 $11) (22. Ba6
$1 {was the only way to keep an advantage.} Ba3 (22... Rfd8 $2 23. Bb7 Rab8 24.
Bxa7) (22... Rad8 23. Bc5 $1) 23. d7 (23. Bc5 $2 Bxc5 24. Rxc5 Rfd8 $11 25. Rc6
$140 $2 Bd5) 23... Bd6 (23... Rfd8 24. Bc8 $1 (24. Bb7 $2 Bd6 $1 25. Rc6 Rab8
$11) 24... Bd6 25. Rxa7 (25. Rb7 Rb8 $1 26. Rxb8 Bxb8 27. Kf2 (27. O-O Bxd7 28.
Rd1 Re8 $1 $11) 27... Bxd7 28. Rd1 Rxc8 29. Rxd7 $14) 25... Rxa7 26. Bxa7 Bxd7
27. Bxd7 Rxd7 28. Be3 $16) 24. Rb7 $1 (24. Rxa7 Rxa7 25. Bxa7 Bxd7 26. O-O Be6
$1 $11 {[%cal Gf8a8,Ge6a2]}) (24. Rc6 Bb4+ 25. Kf2 Bxd7 26. Rc4 (26. Rc7 Be6
27. a4 Ba5 $1 $11 {[%cal Ga5b6]}) 26... Ba5 $11 {[%cal Gd7e6]}) 24... Rfd8 (
24... Rfb8 25. Rxb8+ (25. Rxa7 Bxd7 $1 26. Rxd7 (26. O-O Be6 $1) 26... Bb4+ $1
27. Kf2 Rxa6 28. Ra1 Bc3 $11) 25... Rxb8 26. Bxa7 Rd8 (26... Ra8 27. Bb7 Rd8
28. Be3 $1 Rxd7 29. Bc8 $1) 27. Be3 (27. Bb5 $5 Bxd7 28. Bxd7 Rxd7 29. Be3 Rb7
30. O-O Rb2 31. Rd1 $1 $16) 27... Rxd7 28. a4 $16) 25. Bb5 Bxa2 {[%cal Ga2d5]}
26. O-O $16 {[%csl Gd7]}) 22... Bc3+ 23. Kf2 Ba5 24. Ba6 (24. Rxa7 Rxa7 25.
Bxa7 Bb4 $1 $11 {[%cal Gf8a8]}) (24. Rb7 Rfc8 $44 {[%cal Gc8c2,Ga5b6]}) 24...
Rab8 $1 {Now Black gets sufficient activity to escape} (24... Rfb8 $5 25. Re7 (
25. Rb7 $5 Rxb7 26. Bxb7 Rb8 27. Bf3 Rb2+ 28. Kg3 Rxa2 29. Bxa7 Bb4 30. Bb8 Bc5
{[%cal Gc5f2]} 31. Rf1 Rd2 $11) 25... Rb2+ 26. Kg3 Rc2 $1 27. Bd4 Bb4 28. Bb7
Rb8 29. Be5 Rxa2 30. Rd1 Kf8 31. Rc7 $14) (24... Bxc7 25. dxc7 Rfe8 26. Rc1 (
26. Bb7 Rac8 27. Bd6 $16)) 25. Rd1 (25. Rxa7 Rb2+ 26. Kg3 Rc2 $1 (26... Rxa2
27. Rd1 $16) (26... Bd5 27. Rd1 $1 $16) 27. Bd4 Bb4 $1 (27... Bd5 $6 28. Be2 $1
Rxe2 (28... Bb4 29. Bf3 Bxf3 30. Kxf3 Bxd6 $16) 29. Rxa5 $16) 28. a4 Bxd6 {
[%cal Gg6g5,Ge6d5]} 29. Rd1 (29. Rf1 Bb8 30. Rb7 (30. Re7 Bc4 31. Bxc4 Rxc4 $11
) 30... g5 (30... Bc4 $143 31. Bxc4 Rxc4 32. Ba7 $1) 31. Be5 Bxe5 32. fxe5 Bd5
$11) 29... g5 30. Be5 gxf4+ 31. Bxf4 Bxf4+ 32. Kxf4 Rxg2 $11) 25... Rb2+ (25...
Bxc7 $2 26. dxc7 Rb2+ 27. Kf3 Rc2 28. Bxf8 Kxf8 29. Rd8+ Ke7 30. c8=Q $18) 26.
Kg3 Rc2 $1 {[%cal Ga5c7]} 27. Bb6 $1 (27. Bd3 Rc3 28. Bd4 Bxc7 29. Bxc3 Bxd6
$11) 27... Rxa2 28. Bxa5 Rxa5 29. Bc4 $5 (29. Be2 Rd8 $11) 29... Bxc4 $1 30. d7
(30. Rxc4 Ra3+ 31. Kh4 Rd8 $11) 30... Be6 (30... Ra3+ $5 31. Kf2 Ra2+ 32. Kg1
Be6 33. d8=Q Rxd8 34. Rxd8+ Kg7 $11) 31. d8=Q Rxd8 32. Rxd8+ Kg7 $11 {[%cal
Ga5a3] White can't win as one of his rooks has to protect third or second rank
and he has no time to take care about Black's a-pawn.} 33. Rd3 h5 34. Rcc3 {
[%cal Gc3a3]} Rb5 35. Ra3 a5 36. Re3 {[%cal Ge3e5]} Kf6 37. Re4 (37. Re5 Rxe5
38. fxe5+ Kxe5 39. Rxa5+ Kf6 $11) 37... Rb2 $1 {[%cal Ge6d5,Gh5h4]} 38. Rxa5
h4+ 39. Kxh4 (39. Kf3 h3 40. gxh3 Rxh2 $11) 39... Rxg2 40. h3 Rh2 41. Re3 Rh1 {
[%csl Rh3] Black is simply waiting as White can't make progress.} 42. Rc5 Bf5
43. Rc6+ Be6 44. Rb6 Kg7 45. Ra6 Bf5 46. Ra2 Kf6 47. Rae2 Be6 48. Re1 Rh2 49.
Ra1 Bf5 50. Ra8 Kg7 51. Ra6 Rh1 52. Rb6 Be6 53. Rb2 Kf6 54. Rd2 Bf5 55. Kg3
Rxh3+ 56. Kf2 Rh4 57. Kf3 Rh3+ 58. Ke2 Rh8 1/2-1/2

[Event "RUS Cup final 4th"]
[Site "Elista"]
[Date "2000.08.24"]
[Round "5"]
[White "Kotsur, Pavel"]
[Black "Balashov, Yuri S"]
[Result "0-1"]
[WhiteElo "2589"]
[BlackElo "2575"]
[Annotator "Mikhalevski,V"]
[PlyCount "52"]
[EventDate "2000.08.19"]
[EventType "tourn"]
[EventRounds "11"]
[EventCountry "RUS"]
[EventCategory "12"]
[SourceTitle "CBM 079"]
[Source "ChessBase"]
[SourceDate "2000.11.21"]
[SourceVersion "1"]
[SourceVersionDate "2000.11.21"]
[SourceQuality "1"]

1. e4 e5 2. Nf3 Nc6 3. d4 exd4 4. Nxd4 Bc5 5. Nxc6 Qf6 6. Qd2 dxc6 7. Qf4 $6 {
Very rare move.Its idea is to save tempo delaying Nc3.It can also be explained
by the fact that earlier this year Balashov had lost against this line and
White wanted to remind him this game.} ({Usually white plays} 7. Nc3 {
automatically and rightly so as 7.Qf4 doesn't promise much.}) 7... Qe7 $1 {
Correct reaction.This time Black refrains from standard Be6 and keeps the
queens on the board.At the same time the f6-square is now accessible for the
knight.A similar idea could be seen after 7.Nc3,but then white meets Qe7 with
Qg5! and in according to the practice gets an upper hand.Now it's impossible
and Black completes the development very fast.} ({In the recent games Black
also tried 7...Be6 and 7...Ne7.} 7... Be6 8. Bd3 Bb4+ 9. c3 Qxf4 10. Bxf4 O-O-O
11. cxb4 Rxd3 $11 {1/2-1/2 Chernyshov,K-Mokry,K/Ostrava CZE 2000/The Week in
Chess 291 (24)}) (7... Ne7 8. Qxf6 gxf6 9. Bf4 Bd6 10. Bg3 Be6 11. Nd2 h5 12.
Nc4 Bxc4 13. Bxc4 h4 14. Bxd6 cxd6 15. Rd1 Rd8 16. O-O f5 17. exf5 Nxf5 18. g4
$1 $14 {1-0 Maljutin,E-Balashov,Y/Samara RUS 2000/The Week in Chess 294 (33)})
8. Nc3 ({In the only preceding game White found himself in trouble after} 8.
Bd3 Nf6 9. Nc3 Ng4 {[%csl Rf2][%cal Gc5d6] and it's already not so simple to
find a good defence:} 10. Nd1 Bd6 {[%csl Rf4]} 11. Qg5 f6 12. Qh5+ g6 13. Qh4
h5 $1 {[%csl Rh4][%cal Gg6g5]} 14. f4 Bf5 $1 15. O-O Bc5+ 16. Kh1 Bxe4 17. Bxe4
Qxe4 18. Re1 O-O-O $1 19. Rxe4 Rxd1+ 20. Re1 Rxe1+ 21. Qxe1 Nf2+ 22. Kg1 Nd3+
23. Be3 Nxe1 24. Bxc5 Re8 25. Kf2 Nxc2 26. Rc1 b6 27. Rxc2 bxc5 28. Rxc5 Kb7
$15 {0-1 Balinov,I-Ibragimov,I/Graz 1996/EXT 98 (46)}) 8... Nf6 {[%csl Rf2,Rf4]
[%cal Gf6g4] Unfortunate position of White's Queen creates many problems.} 9.
Qh4 $1 {Probably the only chance to keep equality.} ({For instance} 9. Bd3 {
is strongly met by} Ng4 $1 {[%csl Rf2,Rf4][%cal Gc5d6] See 8.Bd3}) ({and} 9.
Be3 Bd6 10. Qh4 Be5 {[%cal Ge7b4] is also unpleasant.In both cases White
sufers because of the early Qf4.}) 9... Ng4 10. Qxe7+ Kxe7 11. Nd1 {A bit
passive,but playable.} (11. Bg5+ $5 {looks more natural:} f6 12. Bh4 Bb4 13.
O-O-O $11) 11... Rd8 {[%csl Rf2,Rh1][%cal Rd8d1]} 12. Bd3 $6 ({Again} 12. Bg5+
f6 13. Bh4 {deserved serious attention,but White is still trying to get
something from the opening.}) 12... Be6 $1 {[%cal Gg4e5] Strengthening the
pressure.} 13. h3 $6 {[%mdl 16384] It looks like Black underestimated 14...Bb4!
} ({Otherwise he would prevent Ne5 with the aid of} 13. f4 $1 {and White meets}
f5 {with} 14. h3 $1 (14. exf5 $2 Bd5 {[%csl Re1,Rg2]} 15. Kf1 Be4 $1 {[%csl
Rd1][%cal Gd8d1]} 16. h3 Nf6 $1 17. Nf2 Bxf2 18. Kxf2 Bxd3 19. cxd3 Rxd3 $15)
14... fxe4 (14... Bb4+ $2 15. c3 $1 Rxd3 (15... Nf6 16. exf5 $1 $16) 16. hxg4
Rad8 (16... Bc5 17. gxf5 Rad8 18. Nf2 $1 (18. Ke2 $4 Bc4 {[%csl Re2]})) 17. Be3
$1 $18 {[%csl Rb4,Rf5]}) (14... Nf6 $6 15. exf5 Bd5 16. Be3 $1) 15. hxg4 exd3
16. f5 $1 {[%cal Gc1g5]} dxc2 $8 (16... h6 17. fxe6 dxc2 18. Ne3 $18) 17. Bg5+
Kf8 $1 (17... Ke8 18. Bxd8 (18. Nc3 Bc4 $1 19. Bxd8 Rxd8 {[%csl Gc2][%cal
Gc5e3]}) 18... cxd1=Q+ 19. Rxd1 Bb4+ 20. Kf2 Bc5+ 21. Kg3 Bd6+ 22. Rxd6 $1 (22.
Kh3 Bxa2 $13) 22... cxd6 23. fxe6 Rxd8 24. Rxh7 Kf8 $14) 18. Bxd8 (18. Nc3 Bc4
$1 19. Bxd8 Rxd8 {[%cal Gc5e3]}) 18... cxd1=Q+ 19. Rxd1 Bb4+ 20. Kf2 Bc5+ 21.
Kg3 (21. Ke1 $142 Bb4+ $11) 21... Bd6+ 22. Rxd6 $140 $6 (22. Kf2 $142 Bxa2 23.
Bg5 $13) 22... cxd6 23. fxe6 Rxd8 24. Rxh7 Re8 $1 {That's the point of 17...
Ke8!}) 13... Ne5 14. Be2 Bb4+ $1 {Forcing to weak the d3-square.} 15. c3 ({Both
} 15. Nc3 Nc4) ({and} 15. Kf1 Nc4 {are very unpleasant}) 15... Bc5 16. Be3 Bb6
$1 ({Certainly not} 16... Bxe3 17. Nxe3) 17. b3 f6 $1 {It's important not to
forget about prophylaxis.} 18. Rc1 a5 $1 {[%cal Ga5a4] Black continue to
create weaknesses in the White's camp.The idea of a4 is quite annoying.} 19.
Bxb6 cxb6 20. Nb2 a4 $1 21. bxa4 (21. Nxa4 {makes penetrating of the Black's
rooks to the second rank possible.} b5 22. Nc5 Rxa2 {[%cal Gd8d2]}) 21... Bxa2
$17 {[%csl Ra4,Rb2][%cal Ga2b3,Ge5d7,Gd7c5] Black's initiative brings its
fruits.Thea a4-pawn is doomed.} 22. Rd1 Bb3 $1 {[%csl Ra4]} 23. Rd4 $2 {
[%mdl 8192] After this tactical blunder Black's advantage becomes decisive.} (
23. Rxd8 {was necessary}) 23... b5 $1 $19 24. Rxd8 ({Doesn't help} 24. f4 Ng6
25. Rxd8 Kxd8 26. f5 Nf4 $19 {[%cal Gb5a4]}) ({The idea of can be seen in the
following line:} 24. axb5 Ra2 $1 25. Nd1 Bxd1 $1 26. Bxd1 Rxd4 27. cxd4 Nd3+
28. Kf1 Nb2 $1 $19 (28... Nxf2 29. Bb3 Ra1+ $19) 29. Ke1 $140 Nxd1 {[%csl Re1,
Rh1]}) 24... Kxd8 25. axb5 Ra2 26. Nd1 Bxd1 $1 {Very impressive win of the
representative of older generation.} (26... Bxd1 27. Bxd1 (27. Kxd1 Ra1+) 27...
Nd3+ 28. Kf1 Nb2 $1 $19) 0-1

[Event "RUS-Cup10"]
[Site "Tomsk"]
[Date "1997.07.26"]
[Round "5"]
[White "Kotsur, Pavel"]
[Black "Frolov, Denis"]
[Result "1-0"]
[WhiteElo "2500"]
[BlackElo "2325"]
[Annotator "Mikhalevski,V"]
[PlyCount "51"]
[EventDate "1997.07.21"]
[EventType "swiss"]
[EventRounds "9"]
[EventCountry "RUS"]
[SourceTitle "EXT 2000"]
[Source "ChessBase"]
[SourceDate "1999.11.16"]
[SourceVersion "1"]
[SourceVersionDate "1999.11.16"]
[SourceQuality "1"]

1. e4 {Kortschnoj.} e5 2. Nf3 Nc6 3. d4 exd4 4. Nxd4 Nf6 5. Nxc6 bxc6 6. e5 Qe7
7. Qe2 Nd5 8. c4 Ba6 9. b3 Qh4 10. a3 Bc5 11. g3 Bxf2+ 12. Qxf2 (12. Kxf2 $2
Qd4+ 13. Kf3 (13. Kg2 Qxa1 14. Qc2 Qxe5 15. Bd3 (15. cxd5 Qxd5+ 16. Kg1 $140
Bxf1) 15... Ne3+ 16. Bxe3 Qxe3 $19 {0-1 Tomczak,R-Lukacs,P/BL2-N 1995 (26)})
13... Qxa1 14. Qc2 Qxe5 15. cxd5 Qxd5+ 16. Qe4+ Qxe4+ 17. Kxe4 Bxf1 18. Rxf1
$17 {0-1 Vukovic,Z-Basagic,Z/JUG-ch Banja Vrucica 1991 (31)}) 12... Qe4+ 13.
Kd1 (13. Kd2 $5 {This move was the first reaction on 11... B:f2 line.Now white
prefer 13.Kd1} Qxh1 14. Bg2 Qxh2 15. cxd5 cxd5 16. Nc3 Bb7 $13 17. Kd3 d4 18.
Ne4 f5 19. exf6 O-O 20. Bf4 Rae8 21. Re1 Bxe4+ 22. Rxe4 Rxe4 23. Kxe4 Rxf6 24.
Kxd4 Qh5 25. Bd5+ Kh8 26. Qe1 c6 27. Bc4 h6 28. Qe7 Qd1+ 29. Kc3 Qa1+ 30. Kb4
Qd4 31. Be5 c5+ 32. Ka5 Qd2+ 33. Ka4 {1-0 Morozevich,A-Ivanov,V/Moscow-ch 1992}
) 13... Qxh1 14. Nd2 Nc3+ (14... O-O {1/2-1/2 Rewitz-Nielsen,95}) 15. Kc2 Ne4
16. Nxe4 Qxe4+ 17. Bd3 Qg4 (17... Qxe5 $5 18. Bb2 Qd6 (18... Qg5 $5) 19. Re1+
Kf8 $13 {1-0 Darchia,D-Llaneza,P/World Junior (Girls), Zagan POL 1997 (38)})
18. Bf5 Qh5 19. h4 $1 {/\g4} f6 {is forced.Black must open the position of his
king.} 20. exf6 {'+/-' Kortschnoj.} (20. g4 $143 Qf7 21. exf6 g6 $13 {0-1
Novak,D-Riou,I/Candas op 1996 (41)}) 20... O-O $146 {This is probably better
than 20...gf,but the black's position is still in a danger.} (20... gxf6 21.
Bb2 (21. Qe1+ $1 $16 {(Kortschnoj) Gutman}) 21... O-O-O $6 22. Bxf6 Rhf8 23. g4
Qf7 24. Qxa7 Bb7 25. Bxd8 $18 {Grabics,M-Majigsuren,D/WchJW U20 1996/JUN 97/1/
2-1/2 (64)} (25. Bxd8 Rxd8 26. Re1 h5 27. Qc5 hxg4 28. Bxg4 Qh7+ 29. Qf5 Qxh4
30. Re8 Qh2+ 31. Kc1 Qg1+ 32. Kc2 Qh2+ 33. Re2 Qh4 34. a4 Kb8 35. c5 {Grabics,
M-Majigsuren,D/WchJW U20 1996/JUN 97/1/2-1/2 (64)})) 21. g4 Qe8 $8 (21... Qf7
22. fxg7 Qxg7 (22... Rfe8 23. Bxh7+ $18) 23. Bb2 {/\24.Qd4+-}) 22. Bb2 {
'!' Kortschnoj.} (22. fxg7 $5 Rf7 (22... Qe4+ 23. Kd2 (23. Bxe4 {Kortschnoj}
Rxf2+ $15) 23... Rf7 {see 22...Rf7} (23... Rxf5 24. gxf5 (24. Qxf5 $2 Qd4+)
24... d5 25. f6 $1 Kf7 26. Bb2 dxc4 (26... Re8 27. Rg1 $1) 27. Re1 c3+ $1 28.
Kc1 $1 cxb2+ 29. Kxb2 $18)) 23. Bb2 $16) 22... gxf6 {'?' Kortschnoj.} (22... g6
23. Re1 (23. f7+ Rxf7 24. Qd4 Qe2+ 25. Kb1 Kf8) 23... Qd8 24. Bd3 $16 (24. f7+
$143 Rxf7 25. Qd4 Qf6 26. Qxf6 Rxf6 27. Bxf6 gxf5 $13)) (22... Rxf6 $142 $16 {
Kortschnoj}) 23. Rg1 $16 {'+-' Kortschnoj. /\g5} h6 $2 (23... Kh8 24. g5 {
White has to win}) 24. g5 $18 fxg5 25. Qd4 Qe7 26. Qh8+ {black has resigned in
view of Kf727.Qg7 Ke828.Re1!+-.} (26. Rxg5+ $1 hxg5 27. Qh8+ Kf7 28. Qh5+ Kg8
29. Qg6+) (26. Qh8+ {Kortschnoj} Kf7 27. Qg7+ Ke8 28. Re1 $1 Qxe1 29. Bg6+ $18)
1-0